Report of the sample survey to ascertain prevailing wage rates of various works involved in planting of rubber in Kerala (Record no. 52507)

MARC details
000 -LEADER
fixed length control field 00571nam a2200181Ia 4500
100 ## - MAIN ENTRY--AUTHOR NAME
Personal name Jacob J.[b]
245 #0 - TITLE STATEMENT
Title Report of the sample survey to ascertain prevailing wage rates of various works involved in planting of rubber in Kerala
260 ## - PUBLICATION, DISTRIBUTION, ETC. (IMPRINT)
Name of publisher Monograph, Statistics and Planning Department, Rubber Board, India, 10 p.
Year of publication 1996
650 ## - SUBJECT ADDED ENTRY--TOPICAL TERM
Topical Term Kerala
650 ## - SUBJECT ADDED ENTRY--TOPICAL TERM
Topical Term Replanting
650 ## - SUBJECT ADDED ENTRY--TOPICAL TERM
Topical Term Wage
700 ## - ADDED ENTRY--PERSONAL NAME
Personal name Alexander J.
700 ## - ADDED ENTRY--PERSONAL NAME
Personal name Geetha C.K.
700 ## - ADDED ENTRY--PERSONAL NAME
Personal name Philomina J.
700 ## - ADDED ENTRY--PERSONAL NAME
Personal name Thomas J.
942 ## - ADDED ENTRY ELEMENTS (KOHA)
Koha item type Bibliography STAF
Holdings
Withdrawn status Lost status Damaged status Not for loan Home library Current library Date acquired Koha item type
      Bibliography RRII Library RRII Library 09/04/2014 Bibliography STAF